<?xml version="1.0" encoding="UTF-8"?>
<record
    xmlns:xsi="http://www.w3.org/2001/XMLSchema-instance"
    xsi:schemaLocation="http://www.loc.gov/MARC21/slim http://www.loc.gov/standards/marcxml/schema/MARC21slim.xsd"
    xmlns="http://www.loc.gov/MARC21/slim">

  <leader>00586nam a22001817a 4500</leader>
  <datafield tag="999" ind1=" " ind2=" ">
    <subfield code="c">184043</subfield>
    <subfield code="d">184043</subfield>
  </datafield>
  <controlfield tag="005">20220112105818.0</controlfield>
  <datafield tag="010" ind1=" " ind2=" ">
    <subfield code="a">ENG-131068</subfield>
  </datafield>
  <datafield tag="020" ind1=" " ind2=" ">
    <subfield code="a">978-93-52-532-421</subfield>
    <subfield code="c">750.00</subfield>
  </datafield>
  <datafield tag="035" ind1=" " ind2=" ">
    <subfield code="a">EN-114600</subfield>
  </datafield>
  <datafield tag="037" ind1=" " ind2=" ">
    <subfield code="b">DBAD</subfield>
  </datafield>
  <datafield tag="082" ind1=" " ind2=" ">
    <subfield code="a">510</subfield>
  </datafield>
  <datafield tag="100" ind1=" " ind2=" ">
    <subfield code="a">Malhotra, O.P.</subfield>
  </datafield>
  <datafield tag="245" ind1=" " ind2=" ">
    <subfield code="a">ISC MATHEMATICS BOOK II:</subfield>
    <subfield code="c">O.P. MALHOTRA, S.K. GUPTA, ANUBHUTI GANGAL</subfield>
    <subfield code="b">for Class XII/</subfield>
  </datafield>
  <datafield tag="260" ind1=" " ind2=" ">
    <subfield code="a">New Delhi</subfield>
    <subfield code="b">S Chand School Books</subfield>
    <subfield code="c">2013</subfield>
  </datafield>
  <datafield tag="270" ind1=" " ind2=" ">
    <subfield code="b">New Delhi</subfield>
    <subfield code="a">A-27, 2nd Floor, Mohan Co-operative Industrial Estate</subfield>
    <subfield code="e">110044</subfield>
  </datafield>
  <datafield tag="300" ind1=" " ind2=" ">
    <subfield code="a">1468p.</subfield>
    <subfield code="c">23cm(pbk)</subfield>
  </datafield>
  <datafield tag="942" ind1=" " ind2=" ">
    <subfield code="2">ddc</subfield>
    <subfield code="c">EN</subfield>
    <subfield code="h">510</subfield>
    <subfield code="m">MAL</subfield>
  </datafield>
  <datafield tag="952" ind1=" " ind2=" ">
    <subfield code="0">0</subfield>
    <subfield code="1">0</subfield>
    <subfield code="4">0</subfield>
    <subfield code="7">0</subfield>
    <subfield code="8">NFIC</subfield>
    <subfield code="a">L</subfield>
    <subfield code="b">L</subfield>
    <subfield code="d">2022-01-12</subfield>
    <subfield code="e">DBAD/PUB</subfield>
    <subfield code="g">1135.00</subfield>
    <subfield code="l">3</subfield>
    <subfield code="o">510 MAL</subfield>
    <subfield code="p">EN-114600</subfield>
    <subfield code="r">2024-10-08 00:00:00</subfield>
    <subfield code="s">2024-09-21</subfield>
    <subfield code="t">1</subfield>
    <subfield code="v">1135.00</subfield>
    <subfield code="y">EN</subfield>
  </datafield>
</record>
